| 000 | 00612nam a2200205Ia 4500 | ||
|---|---|---|---|
| 003 | GCL | ||
| 008 | 140319s9999 xx 000 0 eng d | ||
| 040 |
_aGCL / _cGCL |
||
| 082 | 0 | 4 |
_a751.4224 _bK P |
| 100 | 1 | _aKHAN- LEONHARD, ANGELIKO | |
| 245 | 1 | 0 |
_aLEARN FROM THE MASTERS: CREAT YOUR WATER COLOURS IN THE STYLE OF PAUL CEZANNE / _cKHAN- LEONHARD, ANGELIKO |
| 260 |
_a[S.N] : _bSEARCH PRESS ، _c1992 |
||
| 300 | _a80 | ||
| 490 |
_aLEARN FROM THE MASRERS CREATE YOUR OWN WATERCOLOUS _v0 |
||
| 650 | 0 | 4 | _aDRAWING |
| 650 | 0 | 4 | _aPAINTING |
| 650 | 0 | 4 | _aWATER COLOURS |
| 650 | 0 | 4 | _aPAINTERS |
| 942 |
_2ddc _cBK |
||
| 999 |
_c18224 _d18224 |
||